000
00322nam a22001217a 4500
999
_c
8447
_d
8447
008
200131b ||||| |||| 00| 0 eng d
020
_a
9780199456666
082
_a
005.1 BHA
100
_a
BHASIN,Haresh
245
_a
Algorithms: Design and analysis
250
_a
Page-690
260
_a
New Delhi
_b
OXFORD Unviersity Press
_c
2015